[Event "Oberliga Ost-A 0304"]
[Site "Germany"]
[Date "2004.03.28"]
[Round "9.3"]
[White "Schlichthaar, Robert"]
[Black "Hesse, Peter"]
[Result "0-1"]
[WhiteElo "2234"]
[BlackElo "2318"]
[PlyCount "71"]
[EventDate "2003.11.02"]
[EventType "team-tourn"]
[EventRounds "11"]
[EventCountry "GER"]
[SourceTitle "EXT 2005"]
[Source "ChessBase"]
[SourceDate "2004.11.15"]
[SourceVersion "1"]
[SourceVersionDate "2004.11.15"]
[SourceQuality "1"]
[WhiteTeam "Magdeburg Aufbau Elbe"]
[BlackTeam "Magdeburg Rochade"]
[WhiteTeamCountry "GER"]
[BlackTeamCountry "GER"]

1. e4 d6 2. d4 Nf6 3. Nc3 e5 4. Nf3 Nbd7 5. Bc4 Be7 6. 0-0 0-0 7. a4 c6 8. Ba2 b6 9. Qe2 a6 10. Rd1 Qc7 11. dxe5 dxe5 12. Nh4 Nc5 13. Nf5 Bxf5 14. exf5 b5 15. axb5 axb5 16. Bg5 e4 17. g4 Rfe8 18. Bb3 Rxa1 19. Rxa1 Qe5 20. f4 Qd4+ 21. Kh1 h6 22. Rd1 Qb4 23. Bh4 Nxb3 24. cxb3 Qxb3 25. g5 Nd5 26. f6 Bb4 27. Nxd5 cxd5 28. fxg7 hxg5 29. Bxg5 e3 30. Rg1 Qc4 31. Qh5 Qe4+ 32. Rg2 Qb1+ 33. Rg1 Qh7 34. Qe2 d4 35. Qxb5 Qe4+ 36. Rg2 0-1

[Event "Oberliga Ost-A 0304"]
[Site "Germany"]
[Date "2004.01.18"]
[Round "5.3"]
[White "Schlichthaar, Robert"]
[Black "Stettler, Michael"]
[Result "1-0"]
[WhiteElo "2234"]
[BlackElo "2277"]
[PlyCount "73"]
[EventDate "2003.11.02"]
[EventType "team-tourn"]
[EventRounds "11"]
[EventCountry "GER"]
[SourceTitle "EXT 2005"]
[Source "ChessBase"]
[SourceDate "2004.11.15"]
[SourceVersion "1"]
[SourceVersionDate "2004.11.15"]
[SourceQuality "1"]
[WhiteTeam "Magdeburg Aufbau Elbe"]
[BlackTeam "Leipzig Lok"]
[WhiteTeamCountry "GER"]
[BlackTeamCountry "GER"]

1. e4 c6 2. c4 d5 3. cxd5 cxd5 4. exd5 Qxd5 5. Nc3 Qd6 6. d4 e6 7. Nf3 Nf6 8. Bd3 Be7 9. 0-0 0-0 10. Nb5 Qb6 11. Bf4 Nd5 12. Bg3 Bd7 13. Nc3 Bc6 14. Qe2 Nd7 15. Rac1 N7f6 16. Rfd1 Rac8 17. Ne5 Rfd8 18. Nxc6 Rxc6 19. Na4 Qa5 20. Rxc6 bxc6 21. b3 Nb6 22. Nxb6 axb6 23. h3 g6 24. Rc1 Rc8 25. Bc4 Ra8 26. a4 Nd5 27. Be5 Bg5 28. Rc2 Rd8 29. Qf3 Qe1+ 30. Kh2 Nb4 31. Re2 Qb1 32. Bc7 Rxd4 33. Rxe6 Rxc4 34. Re8+ Kg7 35. bxc4 Qc2 36. Bd6 h5 37. Bxb4 1-0

[Event "Oberliga Ost-A 0304"]
[Site "Germany"]
[Date "2003.11.23"]
[Round "3.3"]
[White "Hermannsdoerfer, Frank"]
[Black "Schlichthaar, Robert"]
[Result "1-0"]
[WhiteElo "2257"]
[BlackElo "2234"]
[PlyCount "45"]
[EventDate "2003.11.02"]
[EventType "team-tourn"]
[EventRounds "11"]
[EventCountry "GER"]
[SourceTitle "EXT 2005"]
[Source "ChessBase"]
[SourceDate "2004.11.15"]
[SourceVersion "1"]
[SourceVersionDate "2004.11.15"]
[SourceQuality "1"]
[WhiteTeam "Liebschwitz"]
[BlackTeam "Magdeburg Aufbau Elbe"]
[WhiteTeamCountry "GER"]
[BlackTeamCountry "GER"]

1. d4 f5 2. Nc3 d5 3. Bg5 Nf6 4. Bxf6 exf6 5. e3 c6 6. Bd3 g6 7. Qf3 b6 8. Nge2 Ba6 9. h4 Bxd3 10. cxd3 h5 11. e4 dxe4 12. dxe4 fxe4 13. Qxe4+ Kf7 14. d5 Qe8 15. Qd3 Bh6 16. 0-0 c5 17. Rfe1 Nd7 18. f4 Qb8 19. Qc4 Kg7 20. Nd4 cxd4 21. Re7+ Kf8 22. d6 Qe8 23. Nd5 1-0

[Event "GER-ch U18"]
[Site "Willingen"]
[Date "2003.06.13"]
[Round "8"]
[White "Kuehner, Christian"]
[Black "Schlichthaar, Robert"]
[Result "0-1"]
[WhiteElo "2184"]
[BlackElo "2190"]
[PlyCount "108"]
[EventDate "2003.06.08"]
[EventType "swiss"]
[EventRounds "9"]
[EventCountry "GER"]
[SourceTitle "CBM 094 Extra"]
[Source "ChessBase"]
[SourceDate "2003.07.09"]
[SourceVersion "2"]
[SourceVersionDate "2003.07.09"]
[SourceQuality "1"]

1. c4 e5 2. Nc3 Nf6 3. g3 Bb4 4. Bg2 0-0 5. Nf3 Re8 6. 0-0 c6 7. d3 Bxc3 8. bxc3 h6 9. c5 b6 10. Be3 bxc5 11. Bxc5 Qc7 12. Nd2 d6 13. Ba3 Be6 14. Qa4 Nd5 15. Ne4 Rd8 16. c4 Nb6 17. Qc2 c5 18. Bb2 Nc6 19. f4 f6 20. fxe5 fxe5 21. Bc3 Rf8 22. Rfb1 Rad8 23. Rb2 Nd4 24. Bxd4 exd4 25. a4 Bc8 26. Rab1 Nd7 27. Nd2 Nf6 28. Bb7 Qe7 29. Bxc8 Rxc8 30. Nf3 Qe3+ 31. Kg2 Ng4 32. Qd2 Qf2+ 33. Kh1 Ne3 34. Rg1 Rxf3 35. exf3 Qxf3+ 36. Rg2 Rf8 37. Qe2 Nxg2 38. Qxf3 Rxf3 39. Kxg2 Rxd3 40. Rb7 Rc3 41. Rxa7 Rxc4 42. Kf3 Rc2 43. Rd7 Ra2 44. Rxd6 Rxa4 45. Rd5 Ra3+ 46. Kg4 Rc3 47. Kf5 Kh7 48. g4 d3 49. h4 c4 50. g5 hxg5 51. hxg5 Rc2 52. g6+ Kh6 53. Rd4 Rf2+ 54. Ke4 Rh2 0-1

[Event "GER-ch U18"]
[Site "Willingen"]
[Date "2003.06.11"]
[Round "6"]
[White "Hort, Alexej"]
[Black "Schlichthaar, Robert"]
[Result "1/2-1/2"]
[WhiteElo "2015"]
[BlackElo "2190"]
[PlyCount "96"]
[EventDate "2003.06.08"]
[EventType "swiss"]
[EventRounds "9"]
[EventCountry "GER"]
[SourceTitle "CBM 094 Extra"]
[Source "ChessBase"]
[SourceDate "2003.07.09"]
[SourceVersion "2"]
[SourceVersionDate "2003.07.09"]
[SourceQuality "1"]

1. c4 Nf6 2. Nc3 g6 3. g3 Bg7 4. Bg2 0-0 5. e4 d6 6. Nge2 c5 7. 0-0 Nc6 8. a3 Bd7 9. Rb1 a5 10. d3 Ng4 11. h3 Nh6 12. Be3 f5 13. Qd2 Nf7 14. f4 e5 15. Nd5 Nd4 16. Nxd4 cxd4 17. Bf2 fxe4 18. dxe4 Bc6 19. Qd3 Bxd5 20. cxd5 Rc8 21. Be1 exf4 22. gxf4 g5 23. f5 Ne5 24. Qd1 Nc4 25. Bf2 Ne3 26. Bxe3 dxe3 27. Qe2 Qb6 28. b4 a4 29. Rbc1 Be5 30. Kh1 Kh8 31. Bf3 Rg8 32. Rc2 Rc3 33. Rxc3 Bxc3 34. Rc1 Bd2 35. Rc4 Qd8 36. Qd3 Qf6 37. Rc7 Qe5 38. b5 b6 39. Qc4 Be1 40. Qd3 Bd2 41. Kg2 Re8 42. Bh5 Qf4 43. Qd4+ Re5 44. Qxb6 Re8 45. Qd4+ Qe5 46. Qd3 Qxf5 47. exf5 Re7 48. Qe4 Rxe4 1/2-1/2

[Event "GER-ch U18"]
[Site "Willingen"]
[Date "2003.06.11"]
[Round "7"]
[White "Schlichthaar, Robert"]
[Black "Meinhardt, Maximilian"]
[Result "0-1"]
[WhiteElo "2190"]
[BlackElo "2225"]
[PlyCount "46"]
[EventDate "2003.06.08"]
[EventType "swiss"]
[EventRounds "9"]
[EventCountry "GER"]
[SourceTitle "CBM 094 Extra"]
[Source "ChessBase"]
[SourceDate "2003.07.09"]
[SourceVersion "2"]
[SourceVersionDate "2003.07.09"]
[SourceQuality "1"]

1. e4 e6 2. d4 d5 3. Nd2 Nf6 4. e5 Nfd7 5. Bd3 c5 6. c3 Nc6 7. Ngf3 Qb6 8. 0-0 cxd4 9. cxd4 Nxd4 10. Nxd4 Qxd4 11. Nf3 Qb6 12. Qc2 h6 13. Be3 Bc5 14. Rfe1 Bxe3 15. Rxe3 Nc5 16. Bh7 Bd7 17. Rc1 Na6 18. a3 Ke7 19. Rc3 Rac8 20. Bd3 Rxc3 21. Qxc3 Rc8 22. Qd2 Nc5 23. Bc2 Qxb2 0-1

[Event "GER-ch U18"]
[Site "Willingen"]
[Date "2003.06.10"]
[Round "5"]
[White "Schlichthaar, Robert"]
[Black "Boguslawski, Oleg"]
[Result "0-1"]
[WhiteElo "2190"]
[BlackElo "2299"]
[PlyCount "64"]
[EventDate "2003.06.08"]
[EventType "swiss"]
[EventRounds "9"]
[EventCountry "GER"]
[SourceTitle "CBM 094 Extra"]
[Source "ChessBase"]
[SourceDate "2003.07.09"]
[SourceVersion "2"]
[SourceVersionDate "2003.07.09"]
[SourceQuality "1"]

1. e4 e5 2. Nf3 Nc6 3. Bb5 a6 4. Bxc6 dxc6 5. 0-0 f6 6. d4 exd4 7. Nxd4 c5 8. Ne2 Qxd1 9. Rxd1 Bd7 10. Nbc3 0-0-0 11. Bf4 Ne7 12. Rd2 Bc6 13. Rxd8+ Kxd8 14. Rd1+ Kc8 15. Bg3 g5 16. Nd5 Nxd5 17. exd5 Bd7 18. Nc3 Bf5 19. Rd2 Bd6 20. f3 Re8 21. Ne2 Kd7 22. Kf2 b5 23. b3 Bg6 24. Nc1 h5 25. c4 bxc4 26. bxc4 Rb8 27. Bxd6 cxd6 28. Nb3 Rb4 29. Re2 Rxc4 30. Re6 Rc2+ 31. Kg1 Bf7 32. Rxf6 Bxd5 0-1

[Event "Oberliga Ost-A 0203"]
[Site "Germany"]
[Date "2003.02.09"]
[Round "7.4"]
[White "Schlichthaar, Robert"]
[Black "Baier, Silvio"]
[Result "1/2-1/2"]
[WhiteElo "2216"]
[BlackElo "2288"]
[PlyCount "34"]
[EventDate "2002.10.20"]
[EventType "team"]
[EventRounds "11"]
[EventCountry "GER"]
[SourceTitle "EXT 2004"]
[Source "ChessBase"]
[SourceDate "2003.11.25"]
[SourceVersion "1"]
[SourceVersionDate "2003.11.25"]
[SourceQuality "1"]
[WhiteTeam "Magdeburg Aufbau Elbe"]
[BlackTeam "Dresden SC II"]
[WhiteTeamCountry "GER"]
[BlackTeamCountry "GER"]

1. e4 e5 2. Nf3 Nc6 3. Bb5 a6 4. Bxc6 dxc6 5. 0-0 f6 6. d4 exd4 7. Nxd4 c5 8. Ne2 Qxd1 9. Rxd1 Bd6 10. Nbc3 Bd7 11. Bf4 Bxf4 12. Nxf4 Ne7 13. Rd2 0-0-0 14. Rad1 Rhf8 15. f3 Nc6 16. g4 g5 17. Nfd5 Be6 1/2-1/2

[Event "GER-chT U20"]
[Site "Greifswald"]
[Date "2002.12.29"]
[Round "6.3"]
[White "Weichhold, Carsten"]
[Black "Schlichthaar, Robert"]
[Result "0-1"]
[WhiteElo "1830"]
[BlackElo "2216"]
[PlyCount "58"]
[EventDate "2002.12.27"]
[EventType "team"]
[EventRounds "7"]
[EventCountry "GER"]
[SourceTitle "CBM 092 Extra"]
[Source "ChessBase"]
[SourceDate "2003.03.07"]
[SourceVersion "1"]
[SourceVersionDate "2003.03.07"]
[SourceQuality "1"]

1. e4 e5 2. Nf3 Nc6 3. Bc4 Bc5 4. d3 d6 5. Nc3 Be6 6. Bb3 Qd7 7. Qe2 Nge7 8. Be3 Bb6 9. 0-0-0 Bxb3 10. cxb3 0-0 11. Kb1 Nd4 12. Bxd4 Bxd4 13. Qd2 a5 14. Nxd4 exd4 15. Ne2 c5 16. f4 Nc6 17. f5 f6 18. Nf4 Ra6 19. h4 a4 20. h5 axb3 21. a3 h6 22. Rh3 Rf7 23. g4 b5 24. Ne6 b4 25. g5 bxa3 26. gxh6 Nb4 27. h7+ Kh8 28. Rc1 Nc2 29. Rxc2 bxc2+ 0-1

[Event "GER-ch U18"]
[Site "Winterberg"]
[Date "2002.05.25"]
[Round "9"]
[White "Braun, Vitali"]
[Black "Schlichthaar, Robert"]
[Result "1/2-1/2"]
[WhiteElo "2178"]
[BlackElo "2190"]
[PlyCount "81"]
[EventDate "2002.05.19"]
[EventType "swiss"]
[EventRounds "8"]
[EventCountry "GER"]
[SourceTitle "CBM 088 Extra"]
[Source "ChessBase"]
[SourceDate "2002.07.01"]
[SourceVersion "2"]
[SourceVersionDate "2002.07.01"]
[SourceQuality "1"]

1. e4 e5 2. Nf3 Nc6 3. Bb5 Bc5 4. 0-0 d6 5. c3 Bd7 6. d4 exd4 7. cxd4 Bb6 8. Bg5 Nge7 9. Nc3 f6 10. Be3 0-0 11. h3 Be8 12. Bc4+ Kh8 13. Re1 Bh5 14. g4 Bf7 15. Bxf7 Rxf7 16. d5 Ne5 17. Nd4 Qd7 18. Ne6 Bxe3 19. Rxe3 g6 20. f4 Nc4 21. Rg3 c6 22. b3 Nb6 23. f5 cxd5 24. Nxd5 Nbxd5 25. exd5 gxf5 26. Rc1 Rc8 27. Rxc8+ Qxc8 28. g5 f4 29. Nxf4 Qc5+ 30. Kh1 Nf5 31. Rg1 Qe3 32. Qg4 Qe4+ 33. Kh2 Ne3 34. Qc8+ Kg7 35. Ne6+ Kg6 36. gxf6+ Kh6 37. Qg8 Qe5+ 38. Qg3 Qxg3+ 39. Kxg3 Nxd5 40. Rd1 Nxf6 41. Rd4 1/2-1/2

[Event "GER-ch U18"]
[Site "Winterberg"]
[Date "2002.05.21"]
[Round "5"]
[White "Rau, Hannes"]
[Black "Schlichthaar, Robert"]
[Result "0-1"]
[WhiteElo "2302"]
[BlackElo "2190"]
[PlyCount "90"]
[EventDate "2002.05.19"]
[EventType "swiss"]
[EventRounds "8"]
[EventCountry "GER"]
[SourceTitle "CBM 088 Extra"]
[Source "ChessBase"]
[SourceDate "2002.07.01"]
[SourceVersion "2"]
[SourceVersionDate "2002.07.01"]
[SourceQuality "1"]

1. d4 Nf6 2. c4 g6 3. Nc3 Bg7 4. e4 d6 5. Nf3 0-0 6. Be2 e5 7. 0-0 exd4 8. Nxd4 Re8 9. f3 Nc6 10. Be3 Nh5 11. Qd2 f5 12. Nxc6 bxc6 13. c5 Nf6 14. Bg5 Qe7 15. cxd6 cxd6 16. Rad1 d5 17. Kh1 fxe4 18. fxe4 Nxe4 19. Nxe4 Qxe4 20. Bd3 Qg4 21. h3 Qd7 22. Bf6 Bb7 23. Qg5 Rf8 24. Rde1 Rxf6 25. Rxf6 Bxf6 26. Qxf6 Rf8 27. Qg5 Re8 28. Rf1 Qe7 29. Qg3 Qe3 30. Qc7 Qe7 31. Qg3 Rf8 32. Re1 Qf6 33. Qc7 Rf7 34. Qb8+ Kg7 35. Qxa7 Bc8 36. Qe3 Qxb2 37. a4 Bf5 38. Bf1 Be4 39. Qg3 Ra7 40. a5 Qd4 41. Qb8 Rf7 42. a6 Qc3 43. Rxe4 Rxf1+ 44. Kh2 dxe4 45. a7 Qc1 0-1

[Event "GER-ch U18"]
[Site "Winterberg"]
[Date "2002.05.20"]
[Round "3"]
[White "Prosch, Sebastian"]
[Black "Schlichthaar, Robert"]
[Result "0-1"]
[WhiteElo "1884"]
[BlackElo "2190"]
[PlyCount "81"]
[EventDate "2002.05.19"]
[EventType "swiss"]
[EventRounds "8"]
[EventCountry "GER"]
[SourceTitle "CBM 088 Extra"]
[Source "ChessBase"]
[SourceDate "2002.07.01"]
[SourceVersion "2"]
[SourceVersionDate "2002.07.01"]
[SourceQuality "1"]

1. d4 Nf6 2. c4 g6 3. Nc3 Bg7 4. e4 d6 5. Nf3 0-0 6. Be2 e5 7. dxe5 dxe5 8. Qxd8 Rxd8 9. Bg5 Re8 10. Bxf6 Bxf6 11. 0-0 c6 12. Rfd1 Na6 13. Rab1 Nc7 14. b4 Ne6 15. Na4 Nf4 16. Bf1 Bg4 17. Rd2 Red8 18. Rbd1 Nh3+ 19. gxh3 Bxf3 20. Rxd8+ Rxd8 21. Rxd8+ Bxd8 22. Bg2 Be2 23. Bf1 Bh5 24. Nc5 b6 25. Nd7 f6 26. Nb8 c5 27. Nc6 Bc7 28. bxc5 bxc5 29. Nxa7 Kf7 30. Bd3 Bf3 31. Kf1 Ke6 32. Ke1 Ba5+ 33. Kf1 f5 34. exf5+ gxf5 35. Nb5 Bc6 36. Bc2 e4 37. Bd1 Ke5 38. Bh5 f4 39. f3 e3 40. Bg4 Bd8 41. Ke2 0-1

[Event "Borbecker Oster op 8th"]
[Site "Essen"]
[Date "2002.03.30"]
[Round "5.5"]
[White "Becker, Marcel"]
[Black "Schlichthaar, Robert"]
[Result "1-0"]
[WhiteElo "2310"]
[BlackElo "2190"]
[PlyCount "69"]
[EventDate "2002.03.27"]
[EventType "swiss"]
[EventRounds "9"]
[EventCountry "GER"]
[SourceTitle "CBM 087 Extra"]
[Source "ChessBase"]
[SourceDate "2002.05.03"]
[SourceVersion "2"]
[SourceVersionDate "2002.08.09"]
[SourceQuality "1"]

1. d4 Nf6 2. c4 g6 3. Nc3 Bg7 4. e4 d6 5. f4 c5 6. d5 0-0 7. Nf3 Bg4 8. Bd3 e6 9. 0-0 exd5 10. exd5 Nbd7 11. h3 Bxf3 12. Qxf3 Ne8 13. Bd2 a6 14. a4 Rb8 15. a5 Nc7 16. b3 b5 17. axb6 Rxb6 18. Bc2 f5 19. Rae1 Rb8 20. Re2 Bd4+ 21. Kh2 Re8 22. Rxe8+ Nxe8 23. g4 Ng7 24. g5 Ne8 25. Ne2 Bg7 26. h4 h6 27. h5 hxg5 28. fxg5 Ne5 29. Qh3 Qe7 30. Ng3 Ng4+ 31. Kh1 Bd4 32. hxg6 Nf2+ 33. Rxf2 Bxf2 34. Nxf5 Qe5 35. Qh7+ 1-0

[Event "Oberliga Ost-A 0102"]
[Site "Germany"]
[Date "2002.02.02"]
[Round "6.5"]
[White "Schlichthaar, Robert"]
[Black "Merker, Matthias"]
[Result "1-0"]
[WhiteElo "2152"]
[BlackElo "2104"]
[PlyCount "47"]
[EventDate "2001.10.07"]
[EventType "team"]
[EventRounds "11"]
[EventCountry "GER"]
[SourceTitle "EXT 2003"]
[Source "ChessBase"]
[SourceDate "2002.11.25"]
[SourceVersion "1"]
[SourceVersionDate "2002.11.25"]
[SourceQuality "1"]
[WhiteTeam "Magdeburg Aufbau Elbe"]
[BlackTeam "Coswig"]
[WhiteTeamCountry "GER"]
[BlackTeamCountry "GER"]

1. e4 c6 2. c4 d5 3. cxd5 cxd5 4. exd5 Nf6 5. Nc3 Nxd5 6. Nf3 Nc6 7. d4 e6 8. Bd3 Be7 9. 0-0 0-0 10. Bb1 b6 11. Qd3 g6 12. Bh6 Re8 13. Re1 Bb7 14. a3 Rc8 15. Ne4 Nf6 16. Ba2 Na5 17. Neg5 Nd5 18. h4 Nc6 19. Rad1 Rc7 20. h5 Bf8 21. Bxf8 Rxf8 22. hxg6 hxg6 23. Rxe6 Kg7 24. Rxg6+ 1-0

[Event "JBLN Ost 0102"]
[Site "Germany"]
[Date "2001.09.23"]
[Round "?"]
[White "Bernhoeft, Steffen"]
[Black "Schlichthaar, Robert"]
[Result "0-1"]
[WhiteElo "1484"]
[BlackElo "2119"]
[PlyCount "38"]
[EventDate "2002.10.??"]
[EventType "team"]
[EventRounds "9"]
[EventCountry "GER"]
[SourceTitle "EXT 2005"]
[Source "ChessBase"]
[SourceDate "2004.11.15"]
[SourceVersion "1"]
[SourceVersionDate "2004.11.15"]
[SourceQuality "1"]

1. d4 f5 2. e4 fxe4 3. Nc3 Nf6 4. Bg5 Nc6 5. Bc4 g6 6. h4 Na5 7. Qe2 Nxc4 8. Qxc4 d5 9. Qb3 c6 10. Nge2 Qb6 11. Na4 Qxb3 12. axb3 Nd7 13. Nf4 Kf7 14. h5 Bg7 15. 0-0-0 Nf8 16. c3 Bg4 17. Rde1 Bf6 18. hxg6+ Nxg6 19. Nxg6 Bxg5+ 0-1

[Event "Biel MTO op"]
[Site "Biel"]
[Date "2001.07.27"]
[Round "5"]
[White "Rasch, Holger"]
[Black "Schlichthaar, Robert"]
[Result "1-0"]
[WhiteElo "2238"]
[BlackElo "2152"]
[PlyCount "75"]
[EventDate "2001.07.23"]
[EventType "swiss"]
[EventRounds "11"]
[EventCountry "SUI"]
[SourceTitle "CBM 083 Extra"]
[Source "ChessBase"]
[SourceDate "2001.09.11"]
[SourceVersion "1"]
[SourceVersionDate "2001.09.11"]
[SourceQuality "1"]

1. d4 f5 2. Bg5 g6 3. h4 Bg7 4. e3 d6 5. Bd3 h6 6. Bf4 e5 7. Bg3 Nc6 8. c3 Nf6 9. Nd2 Bd7 10. Qb3 Qe7 11. d5 Nd8 12. Ne2 0-0 13. c4 Rb8 14. f3 Kh7 15. e4 a6 16. Qc2 Nh5 17. Bf2 Nf4 18. Nxf4 exf4 19. 0-0-0 c6 20. h5 g5 21. exf5 Kh8 22. Rhe1 Qf7 23. Ne4 cxd5 24. f6 Bxf6 25. Nxf6 Qxf6 26. Bg6 Nc6 27. Rxd5 Be8 28. Qd2 Bxg6 29. Rxd6 Qf7 30. Bd4+ Nxd4 31. Qxd4+ Qg7 32. Qxg7+ Kxg7 33. Rxg6+ Kf7 34. Ree6 Rbc8 35. b3 b5 36. Rxa6 bxc4 37. Ra7+ Ke8 38. b4 1-0

[Event "JBLN Ost 0001"]
[Site "Germany"]
[Date "2001.03.18"]
[Round "?"]
[White "Kaiser, Martin"]
[Black "Schlichthaar, Robert"]
[Result "0-1"]
[WhiteElo "1789"]
[BlackElo "1976"]
[PlyCount "68"]
[EventDate "2000.??.??"]
[EventType "team"]
[EventRounds "9"]
[EventCountry "GER"]
[SourceTitle "EXT 2003"]
[Source "ChessBase"]
[SourceDate "2002.11.25"]
[SourceVersion "1"]
[SourceVersionDate "2002.11.25"]
[SourceQuality "1"]

1. e4 e5 2. Nf3 Nc6 3. Bb5 Bc5 4. 0-0 d6 5. d4 exd4 6. Nxd4 Bd7 7. Bxc6 bxc6 8. b3 Ne7 9. Bb2 0-0 10. Nc3 Ng6 11. Nf5 Qg5 12. Na4 Bxf5 13. Nxc5 Bh3 14. Qf3 Nf4 15. Nd3 Qxg2+ 16. Qxg2 Nxg2 17. Kh1 Nh4 18. Rg1 f6 19. Nf4 Bd7 20. Rg3 Rae8 21. Rag1 Rf7 22. Nh5 Ng6 23. f3 Ree7 24. c4 Kf8 25. R3g2 f5 26. exf5 Rxf5 27. Nxg7 Rxg7 28. Bxg7+ Kxg7 29. Rg5 Kf6 30. Rxf5+ Bxf5 31. Re1 Ne7 32. Rd1 d5 33. Rd4 c5 34. Rh4 Kg5 0-1

[Event "JBLN Ost 0001"]
[Site "Germany"]
[Date "2001.03.17"]
[Round "?"]
[White "Schlichthaar, Robert"]
[Black "Daum, Norman"]
[Result "0-1"]
[WhiteElo "1976"]
[BlackElo "2043"]
[PlyCount "56"]
[EventDate "2000.??.??"]
[EventType "team"]
[EventRounds "9"]
[EventCountry "GER"]
[SourceTitle "EXT 2003"]
[Source "ChessBase"]
[SourceDate "2002.11.25"]
[SourceVersion "1"]
[SourceVersionDate "2002.11.25"]
[SourceQuality "1"]

1. e4 e6 2. d3 d5 3. Qe2 dxe4 4. dxe4 b6 5. Nf3 Bb7 6. Nbd2 Nf6 7. e5 Nd5 8. Nc4 Bb4+ 9. Bd2 Bxd2+ 10. Qxd2 Nd7 11. c3 Nc5 12. Qc2 Nf4 13. Rd1 Be4 14. Rxd8+ Rxd8 15. Nd6+ cxd6 16. Qd2 dxe5 17. Qe3 Rd3 18. Qc1 Rxf3 19. Bb5+ Ke7 20. 0-0 Rd3 21. Bxd3 Bxd3 22. Re1 Rd8 23. Qe3 Be4 24. b4 Rd3 25. Qc1 Na4 26. Rxe4 Nxc3 27. Qf1 Nxe4 28. f3 Nc3 0-1

[Event "Oberliga Ost-A 0001"]
[Site "Germany"]
[Date "2001.01.28"]
[Round "5.6"]
[White "Schlichthaar, Robert"]
[Black "Goldenberg, Michael"]
[Result "1-0"]
[WhiteElo "2142"]
[BlackElo "2171"]
[PlyCount "103"]
[EventDate "2000.10.15"]
[EventType "team"]
[EventRounds "11"]
[EventCountry "GER"]
[SourceTitle "EXT 2002"]
[Source "ChessBase"]
[SourceDate "2001.11.25"]
[SourceVersion "1"]
[SourceVersionDate "2001.11.25"]
[SourceQuality "1"]
[WhiteTeam "Magdeburg Aufbau Elbe"]
[BlackTeam "Magdeburg USC II"]
[WhiteTeamCountry "GER"]
[BlackTeamCountry "GER"]

1. e4 g6 2. d4 Bg7 3. Nc3 d6 4. f4 Nf6 5. Nf3 Bg4 6. Be3 0-0 7. h3 Bc8 8. Bd3 Nc6 9. a3 e5 10. fxe5 dxe5 11. d5 Nb8 12. Qd2 Re8 13. 0-0-0 c6 14. Bg5 Qa5 15. Rdf1 Nh5 16. Qf2 Nd7 17. Nd2 Nf4 18. Bxf4 exf4 19. Nc4 Qc5 20. Qxf4 Rf8 21. Qd6 b5 22. Qxc5 Nxc5 23. Na5 cxd5 24. Nxd5 Nxd3+ 25. cxd3 Be6 26. Nc6 Rfe8 27. Nc3 f5 28. Kb1 a6 29. Re1 Rac8 30. exf5 gxf5 31. Nb4 Bxc3 32. bxc3 Rxc3 33. Nd5 Rb3+ 34. Kc2 Bxd5 35. Rxe8+ Kf7 36. Re5 Bxg2 37. Rg1 Rxa3 38. Kb2 Rxd3 39. Rxg2 Kf6 40. Rc5 Rxh3 41. Rc6+ Ke5 42. Rxa6 f4 43. Rg5+ Ke4 44. Rxb5 f3 45. Ra4+ Ke3 46. Re5+ Kf2 47. Kc3 h5 48. Kd3 Rh1 49. Rg5 Rd1+ 50. Ke4 Re1+ 51. Kf4 Re8 52. Ra2+ 1-0

[Event "Bad Zwesten op 5th"]
[Site "Bad Zwesten"]
[Date "2001.01.04"]
[Round "5"]
[White "Schlichthaar, Robert"]
[Black "Naiditsch, Arkadij"]
[Result "0-1"]
[WhiteElo "2142"]
[BlackElo "2484"]
[PlyCount "31"]
[EventDate "2001.01.02"]
[EventType "swiss"]
[EventRounds "7"]
[EventCountry "GER"]
[SourceTitle "EXT 2002"]
[Source "ChessBase"]
[SourceDate "2001.11.25"]
[SourceVersion "1"]
[SourceVersionDate "2001.11.25"]
[SourceQuality "1"]

1. e4 c5 2. Nf3 d6 3. Bb5+ Bd7 4. Bxd7+ Qxd7 5. c4 Nc6 6. 0-0 Nf6 7. Nc3 e6 8. d4 cxd4 9. Nxd4 Be7 10. Be3 0-0 11. Qe2 a6 12. Rac1 Rac8 13. f3 Qc7 14. Rfd1 Rfe8 15. b3 Qa5 16. Qf2 0-1

[Event "Bad Zwesten op 5th"]
[Site "Bad Zwesten"]
[Date "2001.01.03"]
[Round "2"]
[White "Kierzek, Mira"]
[Black "Schlichthaar, Robert"]
[Result "0-1"]
[WhiteElo "2009"]
[BlackElo "2142"]
[PlyCount "68"]
[EventDate "2001.01.02"]
[EventType "swiss"]
[EventRounds "7"]
[EventCountry "GER"]
[SourceTitle "EXT 2002"]
[Source "ChessBase"]
[SourceDate "2001.11.25"]
[SourceVersion "1"]
[SourceVersionDate "2001.11.25"]
[SourceQuality "1"]

1. Nf3 f5 2. d4 Nf6 3. c4 e6 4. Nc3 Bb4 5. Qc2 d6 6. e3 Nc6 7. Bd3 0-0 8. 0-0 Bxc3 9. Qxc3 Ne4 10. Qb3 e5 11. a3 Qf6 12. dxe5 Nxe5 13. Be2 Kh8 14. Rb1 g5 15. Qc2 g4 16. Nxe5 dxe5 17. b4 Rd8 18. Rd1 Rxd1+ 19. Bxd1 Ng5 20. Bb2 Bd7 21. Qc3 Re8 22. Bc2 Bc6 23. Rd1 Qg6 24. Kf1 Qh5 25. e4 Qxh2 26. b5 Bxe4 27. Bxe4 Nxe4 28. Qd3 Qf4 29. f3 gxf3 30. gxf3 Ng5 31. Kf2 Qh2+ 32. Kf1 Qh1+ 33. Ke2 Qg2+ 34. Ke3 f4# 0-1

[Event "GER-ch U16"]
[Site "Willingen"]
[Date "2001.??.??"]
[Round "7"]
[White "Koch, Moritz"]
[Black "Schlichthaar, Robert"]
[Result "0-1"]
[WhiteElo "2163"]
[BlackElo "2142"]
[PlyCount "72"]
[EventDate "2001.06.03"]
[EventType "swiss"]
[EventRounds "9"]
[EventCountry "GER"]
[SourceTitle "EXT 2002"]
[Source "ChessBase"]
[SourceDate "2001.11.25"]
[SourceVersion "1"]
[SourceVersionDate "2001.11.25"]
[SourceQuality "1"]

1. e4 e5 2. Nf3 Nc6 3. Bb5 Bc5 4. 0-0 d6 5. c3 Bd7 6. d4 exd4 7. cxd4 Bb6 8. Nc3 Nge7 9. Re1 0-0 10. h3 Be8 11. d5 Ne5 12. Nxe5 dxe5 13. Qb3 c6 14. Be2 cxd5 15. exd5 Nf5 16. Bd3 Qh4 17. Ne4 Nd4 18. Qd1 f6 19. Ng3 Bg6 20. Bxg6 hxg6 21. Re4 Qh7 22. Be3 g5 23. a4 a6 24. a5 Ba7 25. Rc1 Rac8 26. d6 g6 27. Rxc8 Rxc8 28. Bxd4 Bxd4 29. Rxd4 exd4 30. Ne4 Qf7 31. Qxd4 Kg7 32. Nxg5 Rc1+ 33. Kh2 Rc4 34. Qd3 fxg5 35. f3 Qf4+ 36. g3 Rd4 0-1